Jubilación, retiro. Montepío, deshaucio y demás derechos previsionales de los empleados del Estado

Na minha lista:
Detalhes bibliográficos
Autor principal: Silva Cimma, Enrique (autor)
Outros Autores: Humeres Magnan, Héctor (autor)
Formato: Livro
Idioma:espanhol
Publicado em: Santiago, Chile Jurídica de Chile 1955
coleção:Cartillas del Instituto Histórico y Bibliográfico de Ciencias Jurídicas y Sociales, 8
Assuntos:
Tags: Adicionar Tag
Sem tags, seja o primeiro a adicionar uma tag!

MARC

LEADER 00000nam a2200000 a 4500
001 UCS2289
003 CL-VaPUC
005 20241106085542.0
008 970523e19550000CL |||||||||||||||||spa|d
999 |c 260262  |d 260260 
040 |c Pontificia Universidad Católica de Valparaíso 
082 0 4 |a 344.02 SIL 1955  |2 21 
100 0 |a Silva Cimma, Enrique  |e autor  |9 387568 
245 1 0 |a Jubilación, retiro. Montepío, deshaucio y demás derechos previsionales de los empleados del Estado 
260 0 3 |a Santiago, Chile  |b Jurídica de Chile  |c 1955 
300 |a 215 páginas 
490 0 |a Cartillas del Instituto Histórico y Bibliográfico de Ciencias Jurídicas y Sociales,   |v 8 
583 |a last modification  |c 20170712 03:27:51  |k Rodrigo Vera 
650 7 |a DERECHO LABORAL  |2 CL-VaPUC  |9 15 
650 0 |a Seguridad social  |9 255322 
650 7 |a PENSIONES  |2 CL-VaPUC  |9 323807 
650 0 |a Jubilación  |9 324403 
650 0 |a Asignación familiar   |9 344930 
650 0 |a Derechos y priviliegios  |9 338404 
650 7 |a EMPLEADOS PUBLICOS  |2 CL-VaPUC  |9 256133 
650 7 |a DESAHUCIO  |2 CL-VaPUC  |9 385150 
650 0 |a Accidentes de trabajo  |9 254901 
700 |a Humeres Magnan, Héctor  |e autor  |9 476560 
942 |c BK  |2 ddc 
945 |d 19970523 00:00:00  |a cmena 
952 |0 0  |1 0  |2 ddc  |4 0  |6 344_020000000000000_SIL_1955  |7 0  |8 A  |9 286211  |a BIBDER  |b BIBDER  |d 2019-11-19  |i 1860097  |o 344.02 SIL 1955  |p 1860097  |r 2023-01-25  |t 1  |w 2019-11-19  |y BK  |k DER